000 01223cam a22003737a 4500
003 CHAP
005 20220329133308.0
008 971013s1991 r 00010 d
010 _a4500
011 _a5472
035 _a4685
040 _cCHAP
082 _a581.13356
_bJ6
100 0 0 _aJohansen, C.
_961761
245 0 _aPhosphorus nutrition of grain legumes in the semi-aridtropics
260 _aPatancheru :
_bInternational Crops Research Institute for the Semi-Arid Tropics,
_c1991
300 _a254 p.
590 _aBATCH-UPD
_b10
_c20130110
_lUCH01
_h1240
590 _aBATCH-UPD
_b10
_c20130410
_lUCH01
_h0807
590 _aBATCH-UPD
_b10
_c20130914
_lUCH01
_h1403
590 _aCONVERSION
_b10
_c20130109
_lUCH01
_h1304
650 1 4 _aFertilizantes fosfatados.
_940592
650 1 4 _aFósforo en plantas.
_942267
650 1 4 _aLeguminosas.
_965807
650 1 4 _aPlantas
_xNutrición.
_988874
650 1 4 _aSuelos
_xFósforo en.
_9110376
650 1 4 _aSuelos
_xRegiones áridas.
_9110475
650 1 4 _aSuelos
_xTrópicos.
_9110505
700 0 _aLee, K. K.
_965587
700 0 _aSahrawat, K. L.
_9101205
901 _aBK
942 _cLIBRO
949 _a581.13356 J6
_bBC
_cLIBRO
_d33724000546628
_eLIBRO
_h79996
_i4685
_si
999 _c4500
_d4500